Manažment pre malú planétu prečo je dôležité meniť stratégie neobmedzeného rastu na stratégie udržateľnosti

Salvato in:
Dettagli Bibliografici
Autore principale: Stead, Jean Garner
Altri autori: Stead, W. Edward
Natura: Libro
Lingua:slovacco
Pubblicazione: Bratislava Eastone Books 2012
Edizione:3rd ed.
Serie:Knižná edícia Nadácie Tatra banky
Soggetti:
Tags: Aggiungi Tag
Nessun Tag, puoi essere il primo ad aggiungerne!!

MARC

LEADER 00000nam a2200000 4500
001 0168574
005 20240314094407.0
020 |a 978-80-8109-216-9 
041 0 |a slo 
044 |a SK 
245 1 0 |a Manažment pre malú planétu  |b prečo je dôležité meniť stratégie neobmedzeného rastu na stratégie udržateľnosti  |c Jean Garner Stead, W. Edward Stead 
250 |a 3rd ed. 
264 1 |a Bratislava  |b Eastone Books  |c 2012 
300 |a xii, 243 s. 
490 1 |a Knižná edícia Nadácie Tatra banky 
830 0 |a Knižná edícia Nadácie Tatra banky 
500 |a Preklad z angl. orig. Management for a small planet 
610 2 0 |a rozvoj trvalo udržateľný 
610 2 0 |a ekológia 
610 2 0 |a prostredie životné 
610 2 0 |a ochrana prostredia životného 
610 2 0 |a manažment environmentálny 
100 1 |a Stead, Jean Garner 
700 1 |a Stead, W. Edward